000 00366nam a22001457a 4500
008 210514b ||||| |||| 00| 0 eng d
020 _a0805308652
041 _aeng
080 _23rd
_a510
082 _a510
100 _a36
101 _aMAT
245 _aA Problem Solving Approach to Mathematics for Elementary School Teachers
_cBillstein,R
942 _2udc
_cBK
999 _c57307
_d57307